Linear and projective representations of symmetric groups /
Guardado en:
| Autor Principal: | |
|---|---|
| Formato: | Libro |
| Idioma: | English |
| Publicado: |
Cambridge, U.K. ; New York :
Cambridge University Press,
2005.
|
| Series: | Cambridge tracts in mathematics ;
163 |
| Materias: | |
| Acceso en línea: | Publisher description |
| Etiquetas: |
Agregar Etiqueta
Sin Etiquetas, Sea el primero en etiquetar este registro!
|
| LEADER | 02123cam a22003497a 4500 | ||
|---|---|---|---|
| 001 | MAT.inmabb006819 | ||
| 008 | 051018s2005####enka#####b####001#0#eng#d | ||
| 005 | 20180703153545.0 | ||
| 245 | 1 | 0 | |a Linear and projective representations of symmetric groups / |c Alexander Kleshchev. |
| 260 | |a Cambridge, U.K. ; |a New York : |b Cambridge University Press, |c 2005. | ||
| 300 | |a xiv, 277 p. : |b il. ; |c 24 cm. | ||
| 440 | 0 | |a Cambridge tracts in mathematics ; |v 163 | |
| 504 | |a Incluye referencias bibliográficas (p. 270-274) e índice. | ||
| 505 | 0 | |a Introduction; Part I. Linear Representations: 1. Notations and generalities; 2. Symmetric groups I; 3. Degenerate affine Hecke algebra; 4. First results on Hn-modules; 5. Crystal operators; 6. Character calculations; 7. Integral representations and cyclotomic Hecke algebras; 8. Functors ei and fi; 9. Construction of UZ + and irreducible modules; 10. Identification of the crystal; 11. Symmetric groups II; Part II. Projective representations: 12. Generalities on superalgebra; 13. Sergeev superalgebras; 14. Affine Sergeev superalgebras; 15. Integral representations and cyclotomic Sergeev algebras; 16. First results on Xn-modules; 17. Crystal operators on Xn; 18. Character calculations for Xn ; 19. Operators ei and fi ; 20. Construction of UZ + and irreducible modules; 21. Identification of the crystal; 22. Double covers | |
| 510 | 4 | |a MR, |c 2007b:20022 | |
| 020 | |a 0521837030 (hardback) | ||
| 020 | |a 9780521104180 (paperback) | ||
| 100 | 1 | |a Kleshchëv, A. S. |q (Aleksandr Sergeevich) | |
| 650 | 0 | |a Representations of groups. | |
| 650 | 0 | |a Symmetry groups. | |
| 650 | 0 | |a Modular representations of groups. | |
| 650 | 0 | |a Hecke algebras. | |
| 650 | 0 | |a Superalgebras. | |
| 650 | 0 | |a Linear algebraic groups. | |
| 650 | 0 | |a Algebras, Linear. | |
| 650 | 0 | |a Geometry, Projective. | |
| 084 | |a 20C30 (20C08) |2 msc2000 | ||
| 010 | |a 2005283155 | ||
| 016 | 7 | |a 013135808 |2 Uk | |
| 040 | |a UKM |c UKM |d BWKUK |d BAKER |d IXA |d IQU |d OCLCQ |d DLC | ||
| 856 | 4 | 2 | |3 Publisher description |u http://www.loc.gov/catdir/enhancements/fy0632/2005283155-d.html |
| 859 | |h 20 |i K64 |p A-8858 |b BIB. MATEMATICA | ||
